00821nam a22002297a 4500003000500000005001700005008004100022010001000063011001000073035001100083040000900094100003300103245014700136260004000283300003600323502008000359530003600439650001900475650001800494650001500512856006400527CHAP20220329143518.0100318d2010 mx r 00110 spa d a97796 a98768 a109453 cCHAP1 aRivera Lara, Naryman Saryana10aEstudio de factibilidad de la producción de biodisel mediante aceite de piñon mexicano (Jatropha curcas)c/por Naryman Saryana Rivera Lara aChapingo, Méx. :bEl autor,c2010 aiv, 59 h. :bcuadros , gráfs. aTesis (Ing. Agroindustrial) - UACH. Departamento de Ingeniería Industrial aTambién disponible en línea04aBiocarburante.04aCombustibles.04aPiñón. 3Finding aiduhttp://10.13.5.2/tesis/109453.pdfzTeclea aqui